<?xml version='1.0' encoding='UTF-8'?>
  <record xmlns="http://www.loc.gov/MARC21/slim">
    <leader>00000cam a22000007i 4500</leader>
    <controlfield tag="001">ocm66586838</controlfield>
    <controlfield tag="003">OCoLC</controlfield>
    <controlfield tag="005">20260131130738.3</controlfield>
    <controlfield tag="008">040704s1590    gw            000 0 ger d</controlfield>
    <datafield tag="040" ind1=" " ind2=" ">
      <subfield code="a">NLGGC</subfield>
      <subfield code="b">dut</subfield>
      <subfield code="e">fobidrtb</subfield>
      <subfield code="c">NLGGC</subfield>
    </datafield>
    <datafield tag="029" ind1="0" ind2=" ">
      <subfield code="a">NLGGC</subfield>
      <subfield code="b">265519713</subfield>
    </datafield>
    <datafield tag="035" ind1=" " ind2=" ">
      <subfield code="a">(OCoLC)66586838</subfield>
    </datafield>
    <datafield tag="245" ind1="0" ind2="0">
      <subfield code="a">Warhafftige und eigenliche Beschreibung dess grewlichen, erschrecklichen und unerhörten Erdbidems so geschehen zu Wien in Oesterreich, wie die Statt zerstöret, die Mauren, Kirchen, Thürn, Schlösser, Heuser, Gewölb umbgefallen und zerrissen, desgleichen auch wie die Erde sich an etlichen Örthen auffgethan und viel hundert Personen fü Forcht und Schrecken todt blieben seindt :</subfield>
      <subfield code="b">solcher erschrecklicher und grewlicher Erdbidem hat angefangen den 15. Septemb. des Nachmittags umb 5. Uhr, und hat biss auff den 18. Tag diss jetztlauffendt 1590 Jahr.</subfield>
    </datafield>
    <datafield tag="260" ind1=" " ind2=" ">
      <subfield code="a">[Gedruckt zu Cöllen] :</subfield>
      <subfield code="b">[durch Niclas Schreiber],</subfield>
      <subfield code="c">[1590]</subfield>
    </datafield>
    <datafield tag="300" ind1=" " ind2=" ">
      <subfield code="c">.. cm.</subfield>
    </datafield>
    <datafield tag="336" ind1=" " ind2=" ">
      <subfield code="a">tekst</subfield>
      <subfield code="b">txt</subfield>
      <subfield code="2">rdacontent/dut</subfield>
    </datafield>
    <datafield tag="337" ind1=" " ind2=" ">
      <subfield code="a">zonder medium</subfield>
      <subfield code="b">n</subfield>
      <subfield code="2">rdamedia/dut</subfield>
    </datafield>
    <datafield tag="338" ind1=" " ind2=" ">
      <subfield code="a">band</subfield>
      <subfield code="b">nc</subfield>
      <subfield code="2">rdacarrier/dut</subfield>
    </datafield>
    <datafield tag="500" ind1=" " ind2=" ">
      <subfield code="a">Plaats van uitg. en naam drukker ontleend aan colofon.</subfield>
    </datafield>
    <datafield tag="510" ind1="0" ind2=" ">
      <subfield code="a">Van Someren 442</subfield>
    </datafield>
    <datafield tag="936" ind1=" " ind2=" ">
      <subfield code="a">BATCHLOAD</subfield>
    </datafield>
  </record>